Modern Family characters - Statistics

General Stats
  • This quiz has been taken 60 times
  • The average score is 12 of 19
Answer Stats
Picture Answer % Correct
Phil Dunphy
100%
Claire Dunphy
96%
Luke Dunphy
94%
Alex Dunphy
93%
Hailey Dunphy
80%
Jay Pritchett
78%
Gloria Delgado-Pritchett
76%
Cameron Tucker
70%
Manny Delgado
70%
Andy
67%
Dylan
67%
Joe Pritchett
65%
Lily Tucker-Pritchett
59%
DeDe Pritchett
46%
Frank Dunphy
44%
Gil Thorpe
35%
Shorty
35%
Pepper Saltzman
33%
Michel Pritchett
15%
No matching quizzes found
Score Distribution
Percent of People with Each Score
Percentile by Number Answered
Your Score History
You have not taken this quiz